00374nam a2200133 a 450000500170000000800410001705000270005810000270008524500410011226000410015330000090019444000250020365000120022820140412111328.0101230s19uu xx 00 eng d aTR(GS 428.4bC793 2000 aTrent, Jennifer Cooper aOn my roof /cJennifer Cooper Trent. aPhils :bMomentum multimedia,c2000. aunp. aFan- tas-tic Phonics aPhonics